00441nam a2200133Ia 4500008004100000020002200041082001400063100002700077245010100104260002300205300001100228500003000239650003800269120629s9999 xx 000 0 und d a978-968-24-5943-6 a691 P438m aPérez Alama, Vicente aMateriales y procedimientos de construccion: apoyos aislados y corridos / Vicente Pérez Alama. aMéxico : Trillas a160 p. aBibliografía e índice a1. MATERIALES DE CONSTRUCCION.Ì